000
00283nam a2200109Ia 4500
005
20251222143133.0
008
251222s9999||||xx |||||||||||||| ||spa||
082
_a
808.801.7/C548E
100
_a
"Chiappo, Leopoldo"
245
0
_a
Escenas de la comedia: Estudios dantianos
942
_c
LIB
999
_c
12019
_d
12019